00768cam a22002174a 4500020003600000020003500036040000800071082002600079245009200105260004600197300003300243650002800276650002800304650002200332650002200354650002800376700002300404700003100427700002600458856006600484 a1559637471 (cloth : alk. paper) a155963748X (pbk. : alk. paper) cDLC00a291 ISL 2000 A009 Or.00aConsumption, population, and sustainability :bperspectives from science and religion / aWashington, D.C. :bIsland Press,cc2000. axi, 355 p. :bill. ;c24 cm. 0aConsumption (Economics) 0aConsumption (Economics) 0aPopulation policy 0aPopulation policy 0aSustainable development1 aChapman, Audrey R.1 aPetersen, Rodney Lawrence.2 aSmith-Moran, Barbara.42uhttp://www.loc.gov/catdir/enhancements/fy0666/99033887-d.html